The sale of goods : including the Factors Act 1889 / (Record no. 725)

000 -LEADER
fixed length control field 00750nam a22002057a 4500
003 - CONTROL NUMBER IDENTIFIER
control field OSt
005 - DATE AND TIME OF LATEST TRANSACTION
control field 20140116120836.0
008 - FIXED-LENGTH DATA ELEMENTS--GENERAL INFORMATION
fixed length control field 111027t xxu||||| |||| 00| 0 eng d
020 ## - INTERNATIONAL STANDARD BOOK NUMBER
International Standard Book Number 9871240081523
040 ## - CATALOGING SOURCE
Language of cataloging English
Transcribing agency Loc
050 ## - LIBRARY OF CONGRESS CALL NUMBER
Classification number KD1650 .C43 1890
100 ## - MAIN ENTRY--PERSONAL NAME
Personal name Edwin, MacKenzie D.
245 ## - TITLE STATEMENT
Title The sale of goods : including the Factors Act 1889 /
Statement of responsibility, etc MacKenzie Dalzell Edwin
260 ## - PUBLICATION, DISTRIBUTION, ETC. (IMPRINT)
Place of publication, distribution, etc London
Name of publisher, distributor, etc William Clowe and Sons
Date of publication, distribution, etc 1890
300 ## - PHYSICAL DESCRIPTION
Extent viii,170p.;
500 ## - GENERAL NOTE
General note Include Appendix and Index
505 ## - FORMATTED CONTENTS NOTE
Formatted contents note Formation of the contract---Effect of the contract---performance of the contract---Rights of unpaid seller against the goods---Action for breach of the contract---supplementary
700 ## - ADDED ENTRY--PERSONAL NAME
Personal name Chalmers, Stewards
Dates associated with a name .
942 ## - ADDED ENTRY ELEMENTS (KOHA)
Source of classification or shelving scheme
Koha item type Book
Holdings
Withdrawn status Lost status Source of classification or shelving scheme Damaged status Not for loan Home library Current library Shelving location Date acquired Total Checkouts Full call number Barcode Date last seen Date checked out Copy number Price effective from Koha item type Checked out
          Riara University Library Riara University Library General stack 27/10/2011 4 KD1650 .C43 1890 846/11 12/07/2019 10/07/2019 C.1 27/10/2011 Book  
          Riara University Library Riara University Library General stack 27/10/2011 2 KD1650 .C43 1890 2527/11 04/03/2019 04/03/2019 C.2 27/10/2011 Book 20/03/2019
          Riara University Library Riara University Library General stack 27/10/2011 1 KD1650 .C43 1890 2526/11 29/10/2018 25/10/2018 C.3 27/10/2011 Book  

Riara University Library,
P.O. Box 49940-00100,
Nairobi, Kenya.